000 00284nam a22001217a 4500
008 170527b xxu||||| |||| 00| 0 eng d
041 _aeng
080 _a331.103
100 _a27
101 _aIM
245 _aMARKET CONTROL IN THE ALUMINUM INDUSTRY
_cWALLACE, D.H
942 _2udc
_cBK
999 _c14685
_d14685